[Event "Oberliga Nord O9798"]
[Site "Germany"]
[Date "1998.??.??"]
[Round "?"]
[White "Seils, Joerg"]
[Black "Schurade, Matthias"]
[Result "1/2-1/2"]
[WhiteElo "2370"]
[BlackElo "2350"]

1.e4 c5 2.Nf3 d6 3.Bb5+ Nd7 4.O-O Nf6 5.Re1 e6 6.c3 Be7 7.d4 O-O 8.e5 Nd5
9.exd6 Bxd6 10.Nbd2 N7f6 11.Ne4 a6 12.Nxd6 Qxd6 13.dxc5 Qxc5 14.Bd3 b5 15.Qe2 Bb7
16.a4 e5 17.Qxe5 Rae8 18.Be3 Qc6 19.axb5 axb5 20.Qd4 Nxe3 21.Rxe3 Rd8 22.Qh4 h6
23.Bf1 Rd5 24.Rae1 Rfd8 25.Nd4 Qb6 26.Re7 Rh5 27.Qf4 b4 28.Qc7 Qxc7 29.Rxc7 bxc3
30.bxc3 Bd5 31.f4 g5 32.Nc6 Bxc6 33.Rxc6 Kg7 34.fxg5 Rxg5 35.Re3 Rd1 36.Rf3 Ng4
37.Rc7 Ne5 38.Rf4 Kg6 39.c4 f6 40.Rc8 Kf7 41.h4 Rg4 42.Rc7+ Ke6 43.Rf2 Rxc4
44.Rxc4 Nxc4 45.Kh2 Ne5 46.Kh3 Rd4 47.Ra2 Rb4 48.Ra6+ Kf5 49.Be2 Rb3+ 50.g3 Re3
51.Bd1 Rc3 52.Bh5 Nd3 53.Ra5+ Nc5 54.Rb5 Ke6 55.Rb8 f5 56.Re8+ Kd6 57.Kh2 Ne4
58.Rg8 Ke5 59.Rg6 Rc2+ 60.Kg1 Rc1+ 61.Kg2 Rc2+ 62.Kg1  1/2-1/2

[Event "BL9798 (Women)"]
[Site "Germany"]
[Date "1998.??.??"]
[Round "?.3"]
[White "Micic, Jordanka"]
[Black "Sadkiewicz, Joanna"]
[Result "1-0"]
[WhiteElo "2300"]
[BlackElo "2195"]

1.e4 c5 2.Nf3 d6 3.Bb5+ Bd7 4.Bxd7+ Qxd7 5.O-O Nc6 6.c3 Nf6 7.d4 Nxe4 8.d5 Ne5
9.Re1 Nf6 10.Nxe5 dxe5 11.Rxe5 e6 12.c4 Bd6 13.Re1 O-O-O 14.Bg5 h6 15.Bxf6 gxf6
16.Nc3 Be5 17.Qf3 Rhg8 18.Rad1 Qc7 19.Nb5 Qb6 20.Qa3 a6 21.Nc3 Bd4 22.Na4 Qa5
23.Qb3 e5 24.Nc3 Rg6 25.Ne2 Rdg8 26.g3 Qc7 27.Nxd4 exd4 28.Re2 f5 29.Rde1 Rd8
30.Qf3 f4 31.Re4 fxg3 32.hxg3 Qd6 33.a3 Rf6 34.Qe2 Kb8 35.b4 cxb4 36.axb4 Qxb4
37.Rxd4 Rfd6 38.Rf4  1-0

[Event "BL9798 (Women)"]
[Site "Germany"]
[Date "1998.??.??"]
[Round "?.3"]
[White "Stasiunaite, Lina"]
[Black "Litinskaya, Marta I"]
[Result "0-1"]
[WhiteElo "2145"]
[BlackElo "2335"]

1.e4 c5 2.Nf3 d6 3.Bb5+ Bd7 4.Bxd7+ Qxd7 5.c4 Nc6 6.Nc3 e6 7.O-O Be7 8.d4 cxd4
9.Nxd4 Nf6 10.b3 O-O 11.Bb2 b6 12.Nxc6 Qxc6 13.Qe2 Rfd8 14.Rad1 a6 15.a4 Nd7
16.Rd3 Bf6 17.Rh3 Qc5 18.Kh1 g6 19.Qd2 Bg7 20.Qf4 Nf6 21.Rf3 Qe5 22.Rd1 Qxf4
23.Rxf4 Nd7 24.Rf3 Nc5 25.Ba3 Nxb3 26.Rxd6 Rxd6 27.Bxd6 Nd2 28.Rd3 Bxc3 29.Rxc3 Nxe4
30.Rd3 Rd8  0-1

[Event "Bundesliga 9798"]
[Site "Germany"]
[Date "1998.??.??"]
[Round "?.1"]
[White "Baklan, Vladimir"]
[Black "Lutz, Christopher"]
[Result "1/2-1/2"]
[WhiteElo "2570"]
[BlackElo "2590"]

1.e4 c5 2.Nf3 d6 3.Bb5+ Bd7 4.Bxd7+ Qxd7 5.c4 Nc6 6.d4 cxd4 7.Nxd4 Nf6 8.Nc3 Qg4
9.Qxg4 Nxg4 10.Nxc6 bxc6 11.Bf4 Nf6 12.O-O-O Nd7 13.Be3 g6 14.f4 Bg7 15.Kc2 f5
16.Bd4 Bxd4 17.Rxd4 O-O-O 18.Re1 Rhe8 19.Rd3 Kc7 20.Rh3 Nf6 21.Rh6 Kd7 22.Re2 Rh8
23.Rh3 Ng4 24.Nd1 fxe4 25.Rxe4 Rb8 26.Re2 Rb4 27.b3 Rbb8 28.Nb2 h5 29.Rg3 Rhg8
30.h3 Nh6 31.c5 Rb5 32.cxd6 exd6 33.Rd3 Rf5 34.Nc4 Rd5 35.Rxd5 cxd5 36.Ne3 Nf5
37.Kd3 Ne7 38.Rf2 h4 39.f5 gxf5 40.Rf4 Ng6 41.Rxf5 Ne5+  1/2-1/2

[Event "Bundesliga 9798"]
[Site "Germany"]
[Date "1998.??.??"]
[Round "?.6"]
[White "Becker, Marc"]
[Black "Appel, Ralf"]
[Result "1/2-1/2"]
[WhiteElo "2430"]
[BlackElo "2495"]

1.e4 c5 2.Nf3 d6 3.Bb5+ Bd7 4.Bxd7+ Qxd7 5.O-O Nf6 6.Re1 e6 7.c4 Nc6 8.d4 cxd4
9.Nxd4 Rc8 10.Nc3 Be7 11.b3 O-O 12.Bb2 a6 13.Rc1 Ne5 14.Na4 Rb8 15.c5 dxc5
16.Nxc5 Bxc5 17.Rxc5 Ng6 18.f3 Rbc8 19.Rxc8 Rxc8 20.Ne2 Qxd1 21.Rxd1 Rc2
22.Rd8+ Nf8 23.Bxf6 gxf6 24.Nf4 Rxa2 25.Nh5 Rb2 26.g4 Rxb3 27.Nxf6+ Kg7 28.Nh5+ Kg8
29.Nf6+  1/2-1/2

[Event "BL2-N9798"]
[Site "Germany"]
[Date "1998.??.??"]
[Round "5.2"]
[White "Tomczak, Rainer"]
[Black "Buhr, Carl Christian"]
[Result "1/2-1/2"]
[WhiteElo "2325"]
[BlackElo "2340"]

1.e4 c5 2.Nf3 d6 3.Bb5+ Bd7 4.Qe2 Bxb5 5.Qxb5+ Qd7 6.Qxd7+ Nxd7 7.O-O g6
8.Nc3 Rc8 9.d3 Bg7 10.Re1 a6 11.a4 Ngf6 12.Bf4 O-O 13.e5 dxe5 14.Nxe5 Nxe5
15.Bxe5 e6 16.b3  1/2-1/2

[Event "BL2-N9798"]
[Site "Germany"]
[Date "1998.??.??"]
[Round "8.1"]
[White "Kalinitschew, Sergey"]
[Black "Lagunow, Alexander"]
[Result "1/2-1/2"]
[WhiteElo "2525"]
[BlackElo "2450"]

1.e4 c5 2.Nf3 d6 3.Bb5+ Bd7 4.c4 Nf6 5.Nc3 Nc6 6.O-O a6 7.Ba4 g6 8.d3 Bg7
9.Bg5 Qc7 10.Qd2 O-O 11.h3 Ne5 12.Nxe5 dxe5 13.Bxd7 Qxd7 14.Nd5 Rab8 15.Be3  1/2-1/2

[Event "NRW-Liga 9798"]
[Site "Germany"]
[Date "1998.??.??"]
[Round "9.2"]
[White "Grosse Kloenne, Elmar"]
[Black "Hubert, Ralf"]
[Result "0-1"]
[WhiteElo "2270"]
[BlackElo "2350"]

1.e4 c5 2.Nf3 d6 3.Bb5+ Nd7 4.O-O a6 5.Bxd7+ Bxd7 6.Re1 g6 7.c4 e5 8.Nc3 Ne7
9.d3 Bg7 10.Be3 b5 11.a3 O-O 12.b4 cxb4 13.axb4 Qb8 14.Nd2 Be6 15.Nd5 Qb7
16.Nb3 Bxd5 17.cxd5 f5 18.f3 Bf6 19.Qd2 Bh4 20.g3 f4 21.gxh4 fxe3 22.Qxe3 Rf4
23.Rf1 Raf8 24.Nc1 Rxh4 25.Ne2 h6 26.Qf2 g5 27.Kh1 Kh7 28.Qg3 Rf7 29.d4 Ng6
30.Rac1 Qd7 31.Rc6 Rxe4 32.fxe4 Rxf1+ 33.Kg2 Rd1 34.dxe5 Nh4+ 35.Kf2 Qa7+
36.Qe3 Rf1+ 37.Kxf1 Qxe3 38.exd6 Qf3+ 39.Ke1 Ng2+ 40.Kd1 Qf1+  0-1

[Event "Gyongyos Matra Kupa"]
[Site "Gyongyos"]
[Date "1998.??.??"]
[Round "1"]
[White "Gonczi, Jozsef"]
[Black "Horvath, Ivan"]
[Result "0-1"]
[WhiteElo "2210"]
[BlackElo "2040"]

1.e4 c5 2.Nf3 d6 3.Bb5+ Nd7 4.c4 Nf6 5.Nc3 e5 6.d3 Be7 7.O-O O-O 8.Ne1 Nb6
9.Bg5 a6 10.Ba4 h6 11.Bxf6 Bxf6 12.Nc2 Bg5 13.Ne3 Bxe3 14.fxe3 Qg5 15.Qf3 Bg4
16.Qg3 Rad8 17.Bd1 Be6 18.Qxg5 hxg5 19.h3 g6 20.Be2 f5 21.a4 Rf7 22.a5 Nc8
23.Rad1 Ne7 24.Nd5 Nc6 25.exf5 gxf5 26.Bh5 Rg7 27.Ra1 Rf8 28.Bf3 Kh7 29.Nb6 Nb4
30.Rad1 Nc2 31.Rf2 Nxe3 32.Re1 f4 33.Rxe3 fxe3 34.Be4+ Kg8 35.Rxf8+ Kxf8
36.Nd5 g4 37.hxg4 e2 38.Kf2 Bxg4 39.Ne3 Rf7+ 40.Bf3 Bxf3 41.gxf3 Rxf3+ 42.Kxe2 Rh3
43.Kd2 Rh2+ 44.Kc1 Ke7 45.Ng4 Rh1+ 46.Kc2 Ra1  0-1

[Event "Gyongyos Matra Kupa"]
[Site "Gyongyos"]
[Date "1998.??.??"]
[Round "3"]
[White "Foldi, Istvan"]
[Black "Blasko, Istvan"]
[Result "1-0"]
[WhiteElo "2390"]
[BlackElo "2175"]

1.e4 c5 2.Nf3 d6 3.Bb5+ Bd7 4.Bxd7+ Nxd7 5.O-O Ngf6 6.Qe2 g6 7.c3 Bg7 8.d4 cxd4
9.cxd4 d5 10.e5 Ne4 11.Qb5 e6 12.Qxb7 O-O 13.Qa6 Nb6 14.Nbd2 f6 15.exf6 Bxf6
16.Qe2 Nd6 17.Qxe6+ Kh8 18.Ne5 Qc7 19.Qh3 Bxe5 20.dxe5 Ne4 21.Nxe4 dxe4 22.Bd2 Nd5
23.Qe6 Qb7 24.Rad1 Rfe8 25.Qd6 Rad8 26.Qc5 Nb6 27.Bg5 Rc8 28.Bf6+ Kg8 29.Qb5 h6
30.Rd6 Qf7 31.Rfd1 Qxa2 32.b3 Qc2 33.Bd8 Rf8 34.Bxb6 axb6 35.Qd5+ Kh8 36.Qd4 Qc5
37.Qxc5 Rxc5 38.Rxg6 Rxe5 39.Rxh6+ Kg7 40.Rxb6 Ref5 41.Rf1  1-0

[Event "Gyongyos Matra Kupa"]
[Site "Gyongyos"]
[Date "1998.??.??"]
[Round "5"]
[White "Vujosevic, Vladimir"]
[Black "Parkanyi, Attila"]
[Result "1/2-1/2"]
[WhiteElo "2370"]
[BlackElo "2395"]

1.e4 c5 2.Nf3 d6 3.Bb5+ Bd7 4.Bxd7+ Qxd7 5.O-O Nc6 6.c3 Nf6 7.Qe2 g6 8.d4 cxd4
9.cxd4 Bg7 10.Nc3 O-O 11.Rd1 Rfd8 12.h3 d5 13.e5 Ne8 14.Nh4 Nc7 15.f4 f6
16.Be3 Rac8 17.Rac1 Rf8 18.Qd3 e6 19.Nf3 Qe7 20.a3 Na5 21.Nd2 Qd7 22.b3 Bh6
23.exf6 Rxf6 24.g3 Rcf8 25.Kg2 Qf7 26.b4 Nc6 27.Na4 Bg7 28.Nf3 Qe8 29.Nc5 b6
30.Na6 Nxa6 31.Qxa6 Qd7 32.Ne5  1/2-1/2

[Event "Gyongyos Matra Kupa"]
[Site "Gyongyos"]
[Date "1998.??.??"]
[Round "5"]
[White "Krivolopov, Konstantin"]
[Black "Szabo, Zsolt Jozsef"]
[Result "1/2-1/2"]
[WhiteElo "2405"]
[BlackElo "2430"]

1.e4 c5 2.Nf3 d6 3.Bb5+ Bd7 4.Bxd7+ Qxd7 5.O-O Nc6 6.b3 Nf6 7.Qe2 e6 8.Bb2 Be7
9.c4 O-O 10.Nc3 d5 11.exd5 exd5 12.cxd5 Nxd5 13.Nxd5 Qxd5 14.d4 Bf6 15.dxc5 Rfe8
16.Qc2 Bxb2 17.Qxb2 Qxc5 18.Rac1  1/2-1/2

[Event "Gyongyos Matra Kupa"]
[Site "Gyongyos"]
[Date "1998.??.??"]
[Round "5"]
[White "Foldi, Istvan"]
[Black "Krutti, Valer"]
[Result "1/2-1/2"]
[WhiteElo "2390"]
[BlackElo "2360"]

1.e4 c5 2.Nf3 d6 3.Bb5+ Nd7 4.O-O a6 5.Be2 Ngf6 6.d3 g6 7.c3 Bg7 8.Nbd2 O-O
9.Re1 b5 10.d4 e5 11.dxe5 dxe5 12.a4 Rb8 13.b3 Qc7 14.Qc2 Qc6 15.Bb2 Re8
16.c4 bxa4 17.Rxa4 Bb7 18.Bd3 Nh5 19.g3 Qf6 20.Be2 Qc6 21.Bd3 Qf6 22.Be2 Qc6
23.Bd3  1/2-1/2

[Event "Capablanca mem Masters I"]
[Site "Havana"]
[Date "1998.??.??"]
[Round "5"]
[White "Lipnowski, Irvin"]
[Black "Dominguez Perez, Lenier"]
[Result "0-1"]
[WhiteElo "2335"]
[BlackElo "2215"]

1.e4 c5 2.Nf3 d6 3.Bb5+ Bd7 4.Bxd7+ Qxd7 5.c4 Nc6 6.O-O Nf6 7.Nc3 g6 8.d3 Bg7
9.h3 O-O 10.Be3 a6 11.d4 cxd4 12.Nxd4 Rac8 13.b3 b5 14.cxb5 Nxd4 15.Bxd4 e5
16.Na4 exd4 17.Nb6 Qxb5 18.Nxc8 Rxc8 19.Rc1 Rxc1 20.Qxc1 h6 21.Qc8+ Kh7 22.Qc7 Nxe4
23.Re1 Qf5 24.f3 Nc3 25.Qxd6 d3 26.Re8 Ne2+ 27.Kf1 Nd4 28.Re4 d2  0-1

[Event "Capablanca mem Masters II"]
[Site "Havana"]
[Date "1998.??.??"]
[Round "6"]
[White "Segal, Alexandru Sorin"]
[Black "Araque, Rafael"]
[Result "1/2-1/2"]
[WhiteElo "2330"]
[BlackElo "2345"]

1.e4 c5 2.Nf3 d6 3.Bb5+ Bd7 4.Bxd7+ Qxd7 5.O-O Nc6 6.c3 Nf6 7.Re1 e6 8.Na3 Be7
9.d4 cxd4 10.Nxd4 O-O 11.Bg5 Rfd8 12.Nac2  1/2-1/2

[Event "Capablanca mem Masters II"]
[Site "Havana"]
[Date "1998.??.??"]
[Round "6"]
[White "Fandino, Roquelina"]
[Black "Calzetta, Monica"]
[Result "0-1"]
[WhiteElo "2230"]
[BlackElo "2175"]

1.e4 c5 2.Nf3 d6 3.Bb5+ Bd7 4.a4 Nc6 5.c3 Nf6 6.Qe2 a6 7.Bc4 Bg4 8.d3 e6
9.Nbd2 Be7 10.h3 Bh5 11.O-O Rb8 12.Bb3 Nd7 13.Qe3 Nde5 14.Nh2 g5 15.d4 Nd7
16.Re1 Qb6 17.d5 Nd8 18.a5 Qc7 19.Nc4 e5 20.Qg3 f6 21.Ba4 Kf8 22.h4 h6 23.Qh3 Be8
24.Bd2 h5 25.f3 Nf7 26.Ne3 Kg8 27.Nf5 Nf8 28.Bxe8 Rxe8 29.Nf1 Ng6 30.N1g3 gxh4
31.Nxe7+ Qxe7 32.Nf5 Qf8 33.g3 Ng5 34.Bxg5 fxg5 35.gxh4 Nf4 36.Qg3 Kf7 37.Kh1 gxh4
38.Qxh4 Rg8 39.Rg1 Ng6 40.Rg5 Nxh4 41.Rxg8 Qxg8 42.Nxd6+ Ke7 43.Nxe8 Qxe8  0-1

[Event "Capablanca mem Masters I"]
[Site "Havana"]
[Date "1998.??.??"]
[Round "9"]
[White "Hernandez, Gustavo"]
[Black "Pupo, Emilio"]
[Result "1/2-1/2"]
[WhiteElo "2335"]
[BlackElo "2405"]

1.e4 c5 2.Nf3 d6 3.Bb5+ Bd7 4.Bxd7+ Qxd7 5.O-O Nf6 6.e5 dxe5 7.Nxe5 Qc8 8.d4 g6
9.Nc3 Bg7 10.d5 O-O 11.Re1 Na6 12.Nc4 Qd7 13.Bg5 Nb4 14.a3 Nbxd5 15.Bxf6 Nxf6
16.Qxd7 Nxd7 17.Rxe7 Rfd8 18.Kf1  1/2-1/2

[Event "Capablanca mem Masters II"]
[Site "Havana"]
[Date "1998.??.??"]
[Round "10"]
[White "Arribas, Maritza"]
[Black "Pina, Sulennis"]
[Result "1-0"]
[WhiteElo "2305"]
[BlackElo "2185"]

1.e4 c5 2.Nf3 d6 3.Bb5+ Nc6 4.O-O Bd7 5.c3 Nf6 6.Re1 a6 7.Bf1 Bg4 8.d3 Bxf3
9.Qxf3 g6 10.Bg5 Bg7 11.Nd2 O-O 12.h3 b5 13.Qe3 Re8 14.f4 Nd7 15.Nf3 b4 16.d4 bxc3
17.bxc3 cxd4 18.cxd4 Qb6 19.Rad1 Nb4 20.Qd2 Nc6 21.Kh1 Qb4 22.e5 dxe5 23.dxe5 Nc5
24.Qd5 Rac8 25.Rc1 Na5 26.Red1 h6 27.Bh4 Nab7 28.Qc4 Qxc4 29.Rxc4 Na5 30.Rcc1 Ne6
31.Rxc8 Rxc8 32.Bxe7 Nxf4 33.Bxa6 Rc2 34.Rd8+ Kh7 35.Rd2 Rxd2 36.Nxd2 Bxe5
37.a4 Nd5 38.Bc5 Bc7 39.Bc4 Nxc4 40.Nxc4 Kg7 41.a5 Bg3 42.a6 Nc7 43.a7 f5
44.Nb6 g5 45.Kg1 Kf7 46.a8=Q Nxa8 47.Nxa8 g4 48.Nb6 Ke6 49.Bf2 Bc7 50.Na4 h5
51.Nc3 f4 52.Bd4 Kf5 53.Kf2 Bd8 54.Bc5 Bg5 55.Bd6 Bh4+ 56.Kf1 Bg5 57.Ne2 Ke4
58.Bc7 gxh3 59.gxh3 Kf3 60.Bb6 Be7 61.Nd4+ Ke4 62.Ke2 Bf6 63.Nf3 Bc3 64.Bf2 Bb4
65.Be1 Be7 66.Bc3 Bc5 67.Nd2+ Kf5 68.Kf3 Bd6 69.Ne4 Bc7 70.Bb4 Ke6 71.Nf2 Kf5
72.Nd3 Kg5 73.Be7+ Kf5 74.h4 Bb8 75.Bg5 Bd6 76.Nxf4  1-0

[Event "Capablanca mem Masters I"]
[Site "Havana"]
[Date "1998.??.??"]
[Round "11"]
[White "De la Paz, Frank"]
[Black "Bruzon, Lazaro"]
[Result "1/2-1/2"]
[WhiteElo "2325"]
[BlackElo "2325"]

1.e4 c5 2.Nf3 d6 3.Bb5+ Bd7 4.Bxd7+ Qxd7 5.O-O Nc6 6.c3 Nf6 7.Re1 e6 8.d4 cxd4
9.Nxd4 Be7 10.Bg5 O-O 11.Nd2 Rfd8 12.N2f3 Rac8 13.Qe2 Nxd4 14.Nxd4 a6 15.Rad1 Qa4
16.a3 Qc4 17.Rd3 b5 18.Red1 Re8 19.Qf3 Bd8 20.h3 Qc5 21.Bh4 Nd7 22.Nb3 Qc4
23.Bxd8 Ne5 24.Qg3 Rcxd8 25.Rxd6 Rxd6 26.Rxd6 Qxe4 27.Nc5 Qe1+ 28.Kh2 Nc4
29.Rd7 Nd2 30.Nd3 Qb1 31.Qe5 Nf1+ 32.Kg1 Ne3+ 33.Kh2 Nf1+ 34.Kg1  1/2-1/2

[Event "Hollabrunn op"]
[Site "Hollabrunn"]
[Date "1998.??.??"]
[Round "3"]
[White "Brumen, Dinko"]
[Black "Veselovsky, Sergey"]
[Result "0-1"]
[WhiteElo "2385"]
[BlackElo "2435"]

1.e4 c5 2.Nf3 d6 3.Bb5+ Bd7 4.Bxd7+ Qxd7 5.c4 Nc6 6.Nc3 Nf6 7.O-O g6 8.d4 cxd4
9.Nxd4 Bg7 10.Nde2 O-O 11.f3 a6 12.a4 Qc7 13.Kh1 e6 14.Bf4 Ne5 15.b3 Rfe8
16.Qd2 Nfd7 17.Rad1 Nc5 18.Qc2 Qb6 19.Rb1 Ncd3 20.Bg3 Bh6 21.h3 Nb4 22.Qd1 Ned3
23.f4 Bg7 24.Rf3 Nc5 25.f5 Be5 26.f6 Qd8 27.Qd2 Bxf6 28.Rbf1 Bg5 29.Qd1 f5
30.Bxd6 Be7 31.e5 Qb6 32.Bxe7 Rxe7 33.Nf4 Rd8 34.Qe1 Nbd3 35.Qh4 Red7 36.Qf6 Nxf4
37.Rxf4 Rf8 38.Qg5 Qxb3 39.R1f3 Nd3 40.Ne2 Qd1+  0-1

[Event "Hollabrunn opJ"]
[Site "Hollabrunn"]
[Date "1998.??.??"]
[Round "9"]
[White "Hera, Imre Jr"]
[Black "Poliakov, Dmitry"]
[Result "1/2-1/2"]
[WhiteElo "2345"]
[BlackElo "2170"]

1.e4 c5 2.Nf3 d6 3.Bb5+ Bd7 4.Bxd7+ Qxd7 5.c4 e5 6.Nc3 g6 7.d3 Bg7 8.O-O Ne7
9.a3 Nbc6 10.Rb1 O-O 11.b4 b6 12.Bg5 f6 13.Bd2 f5 14.Nd5 Nxd5 15.cxd5 Nd4
16.Nxd4 exd4 17.f3 Rac8 18.Qb3 fxe4 19.fxe4 Be5 20.bxc5 bxc5 21.Rxf8+ Rxf8
22.Bh6 Bg7 23.Bxg7 Qxg7 24.Qc2 Qf6 25.Qe2 Kg7 26.Rb7+ Rf7 27.Rb1 Qg5 28.a4  1/2-1/2

[Event "HUN-chT2 9798"]
[Site "HUN"]
[Date "1998.??.??"]
[Round "?"]
[White "Blasko, Istvan"]
[Black "Ballai, Zsolt"]
[Result "1/2-1/2"]
[WhiteElo "2050"]
[BlackElo "2320"]

1.e4 c5 2.Nf3 d6 3.Bb5+ Bd7 4.Bxd7+ Qxd7 5.O-O Nf6 6.Re1 Nc6 7.c3 e6 8.d4 cxd4
9.cxd4 d5 10.e5 Ne4 11.Nc3 Nxc3 12.bxc3 Be7 13.Qd3 Rc8 14.Ng5 h6 15.Nh3 g6
16.Nf4 Bg5 17.Ne2 Bxc1 18.Raxc1 Na5 19.f4 h5 20.h3 Nc4  1/2-1/2

[Event "HUN-chT2 9798"]
[Site "HUN"]
[Date "1998.??.??"]
[Round "?"]
[White "Haag, Ervin"]
[Black "Bartha, Sandor"]
[Result "1-0"]
[WhiteElo "2335"]
[BlackElo "2265"]

1.e4 c5 2.Nf3 d6 3.Bb5+ Bd7 4.Bxd7+ Nxd7 5.O-O g6 6.c3 Bg7 7.d4 Qb6 8.Re1 e6
9.Na3 cxd4 10.cxd4 Rc8 11.b3 Qa6 12.Nc4 b5 13.Ne3 Qb7 14.a4 a6 15.axb5 axb5
16.Ba3 Bf8 17.Qd3 Ngf6 18.d5 e5 19.Bb4 Be7 20.Ra5 Rb8 21.Rea1 O-O 22.Ra7 Qc8
23.h3 Re8 24.Ng4 Nxg4 25.hxg4 Nc5 26.Qe3 Bd8 27.Bxc5 dxc5 28.Ng5 Rf8 29.Nf3 c4
30.R7a6 cxb3 31.Rc6 b2 32.Rb1 Qxg4 33.Nxe5 Qh5 34.Nd7 Ra8 35.Nxf8 Ra1 36.Qe1 Rxb1
37.Qxb1 Kxf8 38.Rc8 Ke8 39.Qc2 Kd7 40.Ra8 Bb6 41.Qc6+  1-0

[Event "HUN-chT2 9798"]
[Site "HUN"]
[Date "1998.??.??"]
[Round "?"]
[White "Hetenyi, Geza"]
[Black "Bors, Tamas"]
[Result "1/2-1/2"]
[WhiteElo "2220"]
[BlackElo "2195"]

1.e4 c5 2.Nf3 d6 3.Bb5+ Bd7 4.Bxd7+ Qxd7 5.O-O Nc6 6.Re1 g6 7.c3 e5 8.d4 Nf6
9.Bg5 Bg7 10.dxe5 dxe5 11.Bxf6 Bxf6 12.Qxd7+ Kxd7 13.Nbd2 Rhd8 14.Rad1 Ke6
15.Nc4 Rxd1 16.Rxd1 Rd8 17.Rxd8 Bxd8 18.a4 f5 19.Kf1 a6 20.Ke2 b5 21.axb5 axb5
22.Na3 Na7 23.Nc2 h6 24.h3 Nc8 25.Nd2 Nd6 26.f3 Bg5 27.Ne3 c4 28.g4 Bxe3
29.Kxe3 f4+ 30.Ke2 Kd7 31.b3 h5 32.b4 Ke6 33.Kf2 Kf6 34.gxh5 gxh5 35.h4 Ke6
36.Nb1 Kd7 37.Na3 Kc6 38.Kg2 Nc8 39.Nb1 Nb6 40.Kf2 Na4 41.Ke2  1/2-1/2

[Event "HUN-chT2 9798"]
[Site "HUN"]
[Date "1998.??.??"]
[Round "?"]
[White "Mullner, Imre"]
[Black "Andi, Peter"]
[Result "1/2-1/2"]
[WhiteElo "2210"]
[BlackElo "2230"]

1.e4 c5 2.Nf3 d6 3.Bb5+ Bd7 4.a4 e6 5.O-O a6 6.Bxd7+ Qxd7 7.d4 cxd4 8.Qxd4 Nc6
9.Qb6 Nf6 10.Nc3 Be7 11.Bf4 O-O 12.Rfd1 Rfd8 13.e5 Ne8 14.exd6 Bxd6 15.Bxd6 Nxd6
16.Ne4 Qe7 17.Nxd6 Rxd6 18.Rxd6 Qxd6 19.Qxb7 Rb8 20.Qxa6 Rxb2 21.Qc8+ Nd8
22.a5 Rb8 23.Qc4 Nc6 24.a6 Kf8 25.g3 Na7 26.Qe4 g6 27.Qe3 Rb6 28.Qh6+ Ke7
29.Qh4+ Ke8 30.Qa4+ Qc6 31.Qxc6+ Rxc6 32.Ne5 Rb6 33.c4 f6 34.Nd3 Kd7 35.f4 Kc7
36.Kf2 Kb8 37.Ke3 Nc6 38.Nc5 Ka7 39.Rd1 Nb8 40.Rd8 Rc6 41.Kd4 Rxa6 42.Nxa6 Nc6+
43.Kc5 Nxd8 44.Nc7 Kb7 45.Kd6 e5 46.fxe5 Nf7+ 47.Ke6 Nxe5 48.Nd5 Ng4 49.Nxf6 Nxh2
50.Kd6 Nf1 51.c5 Kc8 52.g4 Ne3 53.g5 Nf5+ 54.Ke5  1/2-1/2

[Event "HUN-chT2 9798"]
[Site "HUN"]
[Date "1998.??.??"]
[Round "?"]
[White "Nemes, Zoltan"]
[Black "Pasztor, Ferenc"]
[Result "1/2-1/2"]
[WhiteElo "2150"]
[BlackElo "2240"]

1.e4 c5 2.Nf3 d6 3.Bb5+ Bd7 4.Bxd7+ Qxd7 5.O-O Nc6 6.d4 cxd4 7.Nxd4 Nf6 8.Nc3 g6
9.f4 Bg7 10.Nde2 O-O 11.f5 e6 12.Bg5 h6 13.Bxf6 Bxf6 14.Qd2 Bg5 15.Qd1 Ne5
16.Nf4 Kh7 17.Nh3 Bf6 18.Qe2 Qc6 19.Rad1 Qc4 20.Nf4 exf5 21.Ncd5 Bg5 22.exf5 Rac8
23.c3 Qxe2 24.Nxe2 Nc4 25.Nd4 Ne3 26.Nxe3 Bxe3+ 27.Kh1 Bxd4 28.Rxd4 Rcd8
29.g3 Rd7 30.fxg6+ Kxg6 31.Rg4+ Kh7 32.Rf6 Re8 33.Rf2 Re6 34.Kg2 Rg6 35.Rd4 Kg7
36.c4 b6 37.b4 Re7 38.Rfd2 Ree6 39.R4d3 Kf8 40.a3 a6 41.Rd4 Ke7 42.Kf3 Rg5
43.Re4 Rf5+ 44.Ke3 Rf1 45.Kd4 Kd7 46.Rf4 Rxf4+ 47.gxf4 f5 48.Kd5  1/2-1/2

[Event "HUN-chT29899"]
[Site "HUN"]
[Date "1998.??.??"]
[Round "?"]
[White "Szabo, Janos"]
[Black "Bors, Tamas"]
[Result "1-0"]
[WhiteElo "2255"]
[BlackElo "2260"]

1.e4 c5 2.Nf3 d6 3.Bb5+ Bd7 4.c4 a6 5.Bxd7+ Qxd7 6.O-O Nc6 7.d4 cxd4 8.Nxd4 Nf6
9.Nc3 e6 10.Be3 Be7 11.Rc1 Rc8 12.b3 O-O 13.f4 Nxd4 14.Bxd4 Qc6 15.Qf3 Nd7
16.Rfe1 Bf6 17.Bxf6 Nxf6 18.g4 Nd7 19.Re3 b5 20.Ne2 Qb6 21.Kg2 Rc5 22.Rd3 bxc4
23.bxc4 Qc7 24.Rcd1 Rxc4 25.Rxd6 Nc5 26.Ng3 Qa5 27.Qe2 Ra4 28.R1d2 Qc7 29.e5 Rxf4
30.Kh3 Qa5 31.Qe3 Rc4 32.R6d4 Rxd4 33.Rxd4 Nb7 34.Nh5  1-0

[Event "HUN-chT29899"]
[Site "HUN"]
[Date "1998.??.??"]
[Round "?"]
[White "Csoke, Krisztian"]
[Black "Mincsovics, Miklos"]
[Result "1/2-1/2"]
[WhiteElo "2200"]
[BlackElo "2135"]

1.e4 c5 2.Nf3 d6 3.Bb5+ Nc6 4.O-O Bd7 5.c3 Nf6 6.Re1 a6 7.Ba4 c4 8.Qe2 Rc8
9.Bc2 e5 10.Na3 Na5 11.d3 cxd3 12.Bxd3 Be7 13.Nc2 O-O 14.Ne3 g6 15.h3 Qc7
16.c4 Nc6 17.Bd2 Qb6 18.b4 Nd4 19.Nxd4 Qxd4 20.Rec1 Be6 21.a3 Nh5 22.g3 Qb6
23.Kh2 Qd8 24.Nd5 Bg5 25.Be3 Bxe3 26.Nxe3 Qg5 27.h4 Qe7 28.Nd5 Bxd5 29.cxd5 Qd7
30.Qd1 Rxc1 31.Rxc1 Rc8 32.Rc2 Kg7 33.Qc1 Rxc2 34.Qxc2 Nf6 35.Kg2 Ne8 36.a4 Qc7
37.Qd2 Qd7 38.b5 axb5 39.Bxb5 Qd8 40.Qb4 Nf6 41.a5 Qc7  1/2-1/2

[Event "HUN-chT9899"]
[Site "HUN"]
[Date "1998.??.??"]
[Round "?"]
[White "Pergel, Laszlo"]
[Black "Szalanczy, Emil"]
[Result "1-0"]
[WhiteElo "2245"]
[BlackElo "2370"]

1.e4 c5 2.Nf3 d6 3.Bb5+ Nd7 4.O-O a6 5.Bxd7+ Bxd7 6.d4 cxd4 7.Qxd4 Bc6 8.c4 Nf6
9.e5 dxe5 10.Qxd8+ Rxd8 11.Nxe5 e6 12.Nc3 Bc5 13.Bg5 Bd4 14.Nxc6 bxc6 15.Ne2 O-O
16.Nxd4 Rxd4 17.b3 Rfd8 18.f3 h6 19.Be3 Rd3 20.Kf2 Kf8 21.Ke2 Ke7 22.Bc5+ Ke8
23.Rfd1 Rxd1 24.Rxd1 Rxd1 25.Kxd1 Nd7 26.Bd6 f5 27.Kd2 e5 28.Kc3 Kf7 29.Kb4 Ke6
30.Bc7 e4 31.Kc3 c5 32.a3 g5 33.fxe4 fxe4 34.b4 Nf8 35.Bb6 cxb4+ 36.axb4 Nd7
37.Bc7 Nf6 38.Kd4 g4 39.Bd8 Nd7 40.Kxe4 Ne5  1-0

[Event "HUN-chT9899"]
[Site "HUN"]
[Date "1998.??.??"]
[Round "?"]
[White "Poor, Istvan"]
[Black "Nguyen Anh Dung"]
[Result "1/2-1/2"]
[WhiteElo "2495"]
[BlackElo "2305"]

1.e4 c5 2.Nf3 d6 3.Bb5+ Nd7 4.c4 e5 5.Nc3 g6 6.d3 Bg7 7.O-O Ne7 8.Bg5 f6
9.Bd2 O-O 10.Qc1 f5 11.exf5 Nxf5 12.Ba4 Nf6 13.Bd1 h6 14.Ne4 Kh7 15.h3 b6
16.Ng3 Bb7 17.Nxf5 gxf5 18.Nh4 Ng8 19.g3 Ne7 20.Bh5 Bf6 21.Ng2 Rg8 22.Bxh6 f4
23.Bxf4 exf4 24.Qxf4 Be5 25.Qd2 Nf5 26.Bg4 Nh6 27.Ne3 Qf6 28.f4 Bd4 29.Rf2 Rae8
30.Re1 Rxe3 31.Rxe3 Rxg4 32.hxg4 Nxg4 33.Qe2 Nxe3 34.Rh2+ Kg7 35.Rh5 Qe6
36.Rg5+ Kf8 37.Kh2 Nf1+ 38.Qxf1 Qh6+ 39.Qh3 Bg1+  1/2-1/2

[Event "HUN-chT9899"]
[Site "HUN"]
[Date "1998.??.??"]
[Round "?"]
[White "Rabovszky, Gyorgy"]
[Black "Pergel, Laszlo"]
[Result "0-1"]
[WhiteElo "2070"]
[BlackElo "2245"]

1.e4 c5 2.Nf3 d6 3.Bb5+ Nd7 4.O-O a6 5.Be2 Ngf6 6.Nc3 b5 7.d3 g6 8.Bg5 Bg7
9.Qc1 O-O 10.Bh6 Qc7 11.h3 Bb7 12.Nh2 b4 13.Nd1 d5 14.Bxg7 Kxg7 15.exd5 Nxd5
16.Bf3 Nf4 17.Qe3 e5 18.Bxb7 Qxb7 19.Qf3 Qc7 20.Ne3 Nb6 21.Rfe1 Rad8 22.Nhg4 f6
23.Nf1 c4 24.dxc4 Nxc4 25.Kh2 a5 26.g3 Ne6 27.c3 Nxb2 28.cxb4 Nd3 29.Red1 Nxb4
30.Rxd8 Qxd8 31.a3 Nd4 32.Qe3 Nbc2 33.Qh6+ Kg8 34.Rb1 Nf3+ 35.Kh1 Qa8  0-1

[Event "HUN-chT9899"]
[Site "HUN"]
[Date "1998.??.??"]
[Round "?"]
[White "Lakos, Nikoletta"]
[Black "Medvegy, Zoltan"]
[Result "1/2-1/2"]
[WhiteElo "2385"]
[BlackElo "2370"]

1.e4 c5 2.Nf3 d6 3.Bb5+ Bd7 4.Bxd7+ Nxd7 5.O-O Ngf6 6.Qe2 e6 7.c3 Be7 8.d4 cxd4
9.cxd4 d5 10.e5 Ne4 11.Ne1 f5 12.exf6 Bxf6 13.Nc3 Bxd4 14.Nxe4 dxe4 15.Qxe4 Nc5
16.Qg4 O-O 17.Nf3 e5 18.Be3 Bxe3 19.Qc4+ Kh8 20.fxe3 Qe7 21.Qd5 e4 22.Ne5 Ne6
23.Qxe4 Rae8 24.Qd5 Nc7 25.Qd4 Rf6 26.Rxf6 gxf6 27.Ng4 Kg7 28.Rf1 Ne6 29.Qxf6+ Qxf6
30.Nxf6 Rd8 31.Ne4 Nc7 32.g3 Re8 33.Nd6 Rd8 34.Rf7+ Kg6 35.Rxc7 Rxd6 36.Rxb7 Rd2
37.a3 a5 38.a4 h5 39.Rb5 Re2 40.b3 Rxe3 41.Kf2 Rc3 42.Kg2 Rd3 43.h4 Rc3 44.Rxa5 Rxb3
45.Rg5+ Kh6 46.Kf2 Rb4 47.a5 Re4 48.Kf3 Re1 49.Kf4 Re2 50.Kf5 Re1 51.Kf6 Re3
52.Kf7 Re2 53.Rg6+ Kh7 54.a6 Ra2 55.Re6 Ra3 56.Ke8 Rxg3 57.a7 Ra3 58.Re7+ Kg6
59.Kf8 Kf5 60.Rg7 Ra2 61.Ke8 Kf6 62.Rf7+ Kg6 63.Re7 Kf5 64.Rg7 Kf6 65.Rf7+ Kg6
66.Rb7 Kf5 67.Rg7  1/2-1/2

[Event "HUN-chT 9798"]
[Site "Hungary"]
[Date "1998.??.??"]
[Round "?"]
[White "Kiss, Attila"]
[Black "Horvath, Csaba"]
[Result "0-1"]
[WhiteElo "2425"]
[BlackElo "2485"]

1.e4 c5 2.Nf3 d6 3.Bb5+ Bd7 4.Bxd7+ Qxd7 5.c4 Nc6 6.O-O g6 7.d4 cxd4 8.Nxd4 Bg7
9.Be3 f5 10.exf5 gxf5 11.Nc3 Bxd4 12.Bxd4 e5 13.Be3 f4 14.Bd2 Nf6 15.Re1 O-O-O
16.f3 Rhg8 17.Kh1 Kb8 18.Re2 Nd4 19.Rf2 Qf5 20.Rc1 Qg5 21.Ne4 Nxe4 22.fxe4 Ne6
23.b4 Qg6 24.Qe2 Rd7 25.Re1 Rdg7 26.Qd3 Ng5 27.c5 d5 28.Qxd5 Nh3 29.Qxe5+ Ka8
30.Ref1 Nxf2+ 31.Rxf2 f3  0-1